Desarrollo de la electrónica en Estados Unidos e Inglaterra.

Guardado en:
Formato: Deslizar
Series:La aventura del hombre
Materias:
Etiquetas: Agregar Etiqueta
Sin Etiquetas, Sea el primero en etiquetar este registro!
LEADER 00970ngm a22002775g 4500
001 CEM.cems021718
008 130507b1991##################0###0#####d
005 20240904190157.0
245 0 0 |a Desarrollo de la electrónica en Estados Unidos e Inglaterra. 
300 |a 53 
490 0 |a La aventura del hombre 
500 |a En soporte VHS, consultar en ventanilla. 
505 0 |a Desarrollo de la electrónica en Estados Unidos e Inglaterra. Transistores, pastillas, microcomputadoras y procesadores. 
538 |a Soporte: VHS - Norma: Pal N - Color - Grabación DRD 1991 - Hitachi=0000 
082 0 0 |. 6/AVE 
653 |a FISICA 
653 |a COMPUTACION 
653 |a ELECTRONICA 
653 |a EEUU-ELECTRONICA 
653 |a INGLATERRA-ELECTRONICA 
653 |a MICROCOMPUTADORAS 
653 |a TRANSISTORES 
653 |a PROCESADORES 
653 |a PASTILLAS 
653 |a NIVEL SECUNDARIO 
859 |a CEMS  |b BIB. CEMS - Depto. Recursos Didacticos  |h 001.6  |i AVE  |k DRD  |p 361.12  |t Ej.1